Lettres sur le dogmatisme et le criticisme

Salvato in:
Dettagli Bibliografici
Autore principale: Schelling, Friedrich Wilhelm Joseph (Autore)
Natura: Libro
Lingua:francese
Pubblicazione: París Aubier 1950
Serie:Bibliothéque Philosophique
Soggetti:
Tags: Aggiungi Tag
Nessun Tag, puoi essere il primo ad aggiungerne!!

MARC

LEADER 00000nam a2200000 a 4500
001 UCZ4235
003 CL-VaPUC
008 951106e19500000FR |||||||||||||||||fre|d
082 0 4 |a 148  |b SCH  |2 21 
100 0 |a Schelling, Friedrich Wilhelm Joseph  |e author  |9 348215 
245 1 0 |a Lettres sur le dogmatisme et le criticisme 
300 |a 165 p 
942 |c BK 
945 |d 19951106 00:00:00  |a cmena 
260 |a París  |b Aubier  |c 1950 
650 0 |a Filosofía alemana   |9 265002 
650 7 |a DOGMATISMO  |2 CL-VaPUC  |9 337265 
650 0 |a Actitud  |9 258129 
650 0 |a Escuelas filosóficas   |9 266232 
650 0 |a Ensayos  |9 268724 
583 |a last modification  |c 20150907 10:46:21  |k Rodrigo Vera 
490 0 |a Bibliothéque Philosophique 
999 |c 240650  |d 240648 
952 |0 0  |1 0  |4 0  |6 148_000000000000000_SCH_1950  |7 0  |8 P  |9 252627  |a BIBEDU  |b BIBEDU  |c BIBEDU_PB  |d 2019-11-18  |i 1594273  |o 148 SCH 1950  |p 1594273  |r 2024-01-25  |w 2019-11-18  |y BK  |k FIL 
952 |0 0  |1 0  |4 0  |6 148_000000000000000_SCH_1950  |7 0  |8 P  |9 252628  |a BIBEDU  |b BIBEDU  |c BIBEDU_PB  |d 2019-11-18  |i 1594281  |o 148 SCH 1950  |p 1594281  |r 2024-01-25  |w 2019-11-18  |y BK  |k FIL